000 01406nam a22003737a 4500
001 002145095
003 DO-SdBPM
005 20251027113604.0
007 ta
008 161205b2008 sp a ||||| |||| 00| 0 spa d
020 _a9788408076117
040 _aDO-SdBPM
_bspa
_cBPMSU
_erda
082 4 _a853.91
_bS857t 2008
_222
100 1 _aStilton, Geronimo
_eautor
240 1 _aIl codice del drago.
_lEspañol
245 1 0 _aTea Stilton :
_bel código del dragón /
_cGeronimo Stilton ; ilustraciones de Fabio Bono ; traducción de Manuel Manzano.
264 _aBarcelona :
_bDestino,
_c2008.
300 _a173, [51] páginas :
_bilustraciones ;
_c22 cm.
336 _atexto
_btxt
_2rdacontent
337 _asin mediación
_bn
_2rdamedia
338 _avolumen
_bnc
_2rdacarrier
490 0 _aClub de Tea Stilton
_v
500 _aTraducción de: Il codice del drago
500 _aGeronimo Stilton[1]​ es una serie de libros para niños de 6 a 12 años creados por la escritora italiana Elisabetta Dami, que firma como el escritor ficticio Geronimo Stilton.
500 _a
590 _aInventariado, 2025/VM
650 7 _aCuentos infantiles italianos.
650 7 _aRatones
_vCuentos infantiles.
700 1 _aBono, Fabio,
_eilustración
700 1 _aManzano, Manuel,
_d1965-
_etraductor
830 _v
910 _aVMateo V. Control de calidad. BPMSU
942 _2ddc
_cBK
999 _c12280
_d12280